000 01055nam a2200289Ia 4500
999 _c5691
_d5691
003 OSt
005 20200609193944.0
008 191128s1979 mx gr 000 0 spa d
020 _a9682302013
040 _aCO-JMCR
_cCO-JMCR
041 1 _aspa
_hfr
082 0 4 _a330.122 /
_bG579r
_223
100 1 _aGodelier, Maurice,
_eautor
_94988
245 1 0 _aRacionalidad e irracionalidad en economía /
_cMaurice Godelier ; traducción de Nicole Blanc
250 _aNovena edición
260 _aMéxico :
_bSiglo veintiuno,
_c1979.
300 _avii, 313 páginas ;
_c20 cm.
490 0 _aTeoría
505 _aEl tema -- Racionalidad de la teoría económica -- Racionalidad de los sitemas económicos
534 _pRationalité et irrationalité en économie
546 _aTraducción en francés
650 1 4 _aCapitalismo
_xTeoría económica
_95324
650 2 4 _aSistemas económicos
_x Política económica
_95325
650 2 4 _aSistemas económicos
_xcomparados Marxismo
_95326
700 1 _aBlanc, Nicole,
_etraducción
_94991
942 _2ddc
_cBK